00649nam a2200193 4500010001300000020001500013035001300028037001800041040001200059082001500071100001500086245006500101260004900166270006300215300002300278650004000301650005900341650005500400 aB-011546 a0521440866 aB-011546 bCen Lib / Ret aDPLbEN a880.3bOUS aOusby, Ian aThe Cambridge Guide to Literature in English /cby Ian Ousby aCambridgeb Cambridge University Pressc1993 a Cambridge University Pressb40 West 20th StreeteNew York a1055p ; c27cm(Hb) aEnglish literature -- Dictionaries. aCommonwealth literature (English) -- Bio-bibliography. aCommonwealth literature (English) -- Dictionaries.